Top 500 Players of the 2025 Season So Far (3/2/2025) - Statistics

General Stats
  • This quiz has been taken 29 times
    8 since last reset
  • The average score is 271 of 503
Answer Stats
Rk Player PSP PSPPG Team Pos Age % Correct
460 Bronny James 52 3.06 LAL SG 20
100%
7 Giannis Antetokounmpo 2737 57.02 MIL PF 30
100%
6 LeBron James 2832 51.49 LAL SF 40
100%
301 Seth Curry 473 9.65 CHO SG 34
100%
23 Stephen Curry 2159 42.33 GSW PG 36
100%
197 Aaron Gordon 893 24.81 DEN PF 29
83%
310 Ajay Mitchell 437 12.49 OKC SG 22
83%
239 A.J. Green 704 13.28 MIL SG 25
83%
457 AJ Johnson 62 5.64 MIL,WAS SG 20
83%
193 Al Horford 902 18.79 BOS C 38
83%
17 Alperen Sengun 2349 41.21 HOU C 22
83%
46 Amen Thompson 1811 31.77 HOU SF 22
83%
44 Anfernee Simons 1843 32.33 POR SG 25
83%
32 Anthony Davis 2065 48.02 LAL,DAL C,PF 31
83%
10 Anthony Edwards 2633 44.63 MIN SG 23
83%
388 Antonio Reeves 199 7.11 NOP SG 24
83%
210 Ausar Thompson 835 21.41 DET SF 22
83%
41 Austin Reaves 1944 36.68 LAL SG 26
83%
25 Bam Adebayo 2143 37.60 MIA C 27
83%
167 Ben Simmons 996 26.21 BRK,LAC PG 28
83%
148 Brandin Podziemski 1087 23.13 GSW SG 21
83%
237 Brandon Ingram 713 39.61 NOP SF 27
83%
422 Brandon Williams 144 7.20 DAL PG 25
83%
92 Brook Lopez 1403 23.78 MIL C 36
83%
322 Bruce Brown 403 16.12 TOR,NOP PG 28
83%
3 Cade Cunningham 2911 51.98 DET PG 23
83%
98 Cameron Johnson 1356 30.13 BRK PF 28
83%
295 Chet Holmgren 526 30.94 OKC C 22
83%
50 Chris Paul 1779 30.15 SAS PG 39
83%
66 CJ McCollum 1599 34.76 NOP PG 33
83%
57 Coby White 1725 31.94 CHI SG 24
83%
339 Cody Williams 345 9.86 UTA SG 20
83%
353 Craig Porter Jr. 293 7.71 CLE PG 24
83%
18 Damian Lillard 2294 45.88 MIL PG 34
83%
115 Daniel Gafford 1240 24.31 DAL C 26
83%
24 Darius Garland 2151 38.41 CLE PG 25
83%
164 Davion Mitchell 1008 19.02 TOR,MIA PG 26
83%
14 De'Aaron Fox 2460 43.16 SAC,SAS PG 27
83%
109 Dejounte Murray 1273 41.06 NOP PG 28
83%
43 DeMar DeRozan 1896 35.11 SAC SF 35
83%
70 Dennis Schroder 1536 27.93 BRK,GSW,DET PG,SG 31
83%
223 Dereck Lively II 782 24.44 DAL C 20
83%
174 Derrick Jones Jr. 973 17.07 LAC SF 27
83%
47 Derrick White 1802 31.07 BOS SG 30
83%
53 Desmond Bane 1756 36.58 MEM SG 26
83%
13 Devin Booker 2475 45.00 PHO SG 28
83%
116 Dillon Brooks 1235 21.67 HOU SF 29
83%
11 Domantas Sabonis 2632 47.00 SAC C 28
83%
21 Donovan Mitchell 2219 39.63 CLE SG 28
83%
101 Draymond Green 1311 28.50 GSW PF 34
83%
382 Dwight Powell 219 6.08 DAL C 33
83%
58 Dyson Daniels 1722 31.31 ATL SG 21
83%
369 Elfrid Payton 248 19.08 NOP,CHO PG 30
83%
299 Eric Gordon 480 12.31 PHI SG 36
83%
40 Evan Mobley 1968 36.44 CLE PF 23
83%
52 Franz Wagner 1758 41.86 ORL SF 23
83%
273 Gary Payton II 581 12.10 GSW SG 32
83%
337 Grant Williams 353 22.06 CHO PF 26
83%
178 Grayson Allen 950 19.39 PHO SG 29
83%
132 Harrison Barnes 1146 19.42 SAS PF 32
83%
100 Isaiah Hartenstein 1321 32.22 OKC C 26
83%
35 Ivica Zubac 2025 34.91 LAC C 27
83%
314 Jabari Walker 417 9.48 POR SF 22
83%
173 Jaime Jaquez Jr. 980 20.00 MIA SF 23
83%
9 Jalen Brunson 2650 44.92 NYK PG 28
83%
37 Jalen Green 2000 33.33 HOU SG 22
83%
79 Jalen Johnson 1493 41.47 ATL SF 23
83%
19 Jalen Williams 2293 39.53 OKC SG 23
83%
28 Jamal Murray 2117 39.20 DEN PG 27
83%
8 James Harden 2654 46.56 LAC PG 35
83%
496 James Johnson 23 2.09 IND PF 37
83%
244 Jarace Walker 686 12.47 IND PF 21
83%
293 Jared Butler 534 14.43 WAS,PHI PG,SG 24
83%
30 Jaren Jackson Jr. 2109 36.36 MEM C 25
83%
51 Jarrett Allen 1762 29.37 CLE C 26
83%
250 Javonte Green 648 12.71 NOP,CLE SG 31
83%
33 Jaylen Brown 2049 40.18 BOS SF 28
83%
297 Jaylin Williams 501 16.16 OKC PF 22
83%
5 Jayson Tatum 2838 48.93 BOS PF 26
83%
467 Jeenathan Williams 48 6.00 HOU SG 25
83%
407 Jeff Green 164 8.63 HOU PF 38
83%
165 Jeremy Sochan 1003 25.08 SAS PF 21
83%
139 Jimmy Butler 1114 33.76 MIA,GSW PF,SF 35
83%
112 John Collins 1251 32.92 UTA PF 27
83%
408 Johnny Davis 161 4.74 WAS SG 22
83%
93 Jonas Valanciunas 1401 24.16 WAS,SAC C 32
83%
45 Jordan Poole 1822 35.73 WAS SG 25
83%
34 Josh Giddey 2034 35.68 CHI PG 22
83%
218 Josh Green 802 14.85 CHO SG 24
83%
26 Josh Hart 2139 37.53 NYK SG 29
83%
54 Julius Randle 1755 35.82 MIN PF 30
83%
324 Justin Edwards 398 14.74 PHI SF 21
83%
12 Karl-Anthony Towns 2478 45.89 NYK C 29
83%
99 Keegan Murray 1331 23.77 SAC PF 24
83%
131 Keldon Johnson 1146 20.46 SAS SF 25
83%
272 Kenrich Williams 587 11.98 OKC PF 30
83%
140 Keon Johnson 1110 19.14 BRK SG 22
83%
474 Keshad Johnson 44 4.40 MIA SF 23
83%
384 Kessler Edwards 212 7.07 DAL SF 24
83%
31 Kevin Durant 2086 43.46 PHO PF 36
83%
153 Kevin Porter Jr. 1057 19.94 LAC,MIL SG 24
83%
61 Keyonte George 1665 33.30 UTA PG 21
83%
120 Klay Thompson 1211 22.85 DAL SF 34
83%
419 Kobe Brown 147 5.65 LAC PF 25
83%
177 Kris Dunn 955 18.02 LAC PG 30
83%
308 Kris Murray 442 8.67 POR SF 24
83%
158 Kristaps Porzingis 1025 32.03 BOS C 29
83%
133 Kyle Kuzma 1141 27.17 WAS,MIL PF 29
83%
36 Kyrie Irving 2015 41.12 DAL SG 32
83%
171 Kyshawn George 983 18.55 WAS SG 21
83%
55 LaMelo Ball 1732 46.81 CHO PG 23
83%
107 Lauri Markkanen 1277 29.70 UTA PF 27
83%
491 Lonnie Walker IV 27 6.75 PHI SG 26
83%
246 Lonzo Ball 679 19.40 CHI PG 27
83%
68 Luka Doncic 1567 52.23 DAL,LAL PG 25
83%
48 Malik Monk 1784 34.98 SAC SG 26
83%
309 Marcus Smart 442 19.22 MEM,WAS PG 30
83%
196 Mark Williams 896 32.00 CHO C 23
83%
49 Michael Porter Jr. 1781 30.71 DEN SF 26
83%
56 Mikal Bridges 1728 28.80 NYK SF 28
83%
142 Mike Conley 1108 20.91 MIN PG 37
83%
63 Miles Bridges 1644 36.53 CHO PF 26
83%
248 Moritz Wagner 654 21.80 ORL C 27
83%
427 Moses Brown 134 10.31 IND,DAL C 25
83%
85 Myles Turner 1456 28.00 IND C 28
83%
134 Nickeil Alexander-Walker 1141 18.40 MIN SG 26
83%
1 Nikola Jokic 3575 65.00 DEN C 29
83%
29 Nikola Vucevic 2112 37.71 CHI C 34
83%
75 Norman Powell 1525 33.15 LAC SG 31
83%
80 OG Anunoby 1476 27.33 NYK PF 27
83%
88 Onyeka Okongwu 1421 26.81 ATL C 24
83%
127 Paolo Banchero 1166 41.64 ORL PF 22
83%
27 Pascal Siakam 2117 35.88 IND PF 30
83%
209 Patrick Williams 837 18.60 CHI PF 23
83%
103 Paul George 1307 32.68 PHI PF 34
83%
72 Payton Pritchard 1530 25.50 BOS PG 27
83%
96 P.J. Washington 1362 28.98 DAL PF 26
83%
126 Quentin Grimes 1169 20.88 DAL,PHI SG 24
83%
345 Robert Williams 322 16.10 POR C 27
83%
76 Rudy Gobert 1502 27.31 MIN C 32
83%
135 Rui Hachimura 1140 22.80 LAL PF 26
83%
59 Russell Westbrook 1721 31.87 DEN PG 36
83%
252 Ryan Dunn 641 11.65 PHO SF 22
83%
39 Scottie Barnes 1988 42.30 TOR PF 23
83%
2 Shai Gilgeous-Alexander 3139 52.32 OKC PG 26
83%
90 Stephon Castle 1411 24.33 SAS PG 20
83%
300 Steven Adams 478 11.38 HOU C 31
83%
108 T.J. McConnell 1277 22.80 IND PG 32
83%
4 Trae Young 2863 51.13 ATL PG 26
83%
190 Trayce Jackson-Davis 915 18.30 GSW C 24
83%
475 Trey Alexander 43 2.39 DEN SG 21
83%
396 Tristan Thompson 186 6.00 CLE C 33
83%
16 Tyler Herro 2385 41.84 MIA SG 25
83%
15 Tyrese Haliburton 2411 41.57 IND PG 24
83%
20 Tyrese Maxey 2271 44.53 PHI PG 24
83%
456 TyTy Washington Jr. 67 6.70 PHO PG 23
83%
22 Victor Wembanyama 2186 47.52 SAS C 21
83%
417 Vince Williams Jr. 149 14.90 MEM SG 24
83%
95 Walker Kessler 1370 29.78 UTA C 23
83%
269 Zach Collins 590 13.72 SAS,CHI C,PF 27
83%
38 Zach LaVine 1997 38.40 CHI,SAC SF,SG 29
83%
205 Ziaire Williams 865 18.80 BRK SF 23
83%
162 Zion Williamson 1019 44.30 NOP PF 24
83%
325 Aaron Holiday 395 8.98 HOU PG 28
67%
125 Aaron Wiggins 1171 19.20 OKC SG 26
67%
254 Alex Caruso 636 16.31 OKC SG 30
67%
144 Alex Sarr 1091 24.80 WAS C 19
67%
278 Andre Jackson Jr. 565 10.27 MIL SG 23
67%
152 Andrew Nembhard 1061 24.67 IND SG 25
67%
89 Andrew Wiggins 1416 28.90 GSW,MIA SF 29
67%
129 Anthony Black 1151 19.84 ORL PG 21
67%
87 Bennedict Mathurin 1450 26.36 IND SF 22
67%
289 Ben Sheppard 540 12.00 IND SG 23
67%
104 Bobby Portis 1294 27.53 MIL PF 29
67%
271 Bogdan Bogdanovic 587 18.34 ATL,LAC SG 32
67%
106 Bradley Beal 1284 30.57 PHO SG 31
67%
130 Buddy Hield 1146 19.10 GSW SG 32
67%
266 Caleb Martin 609 19.65 PHI SF 29
67%
240 Cam Thomas 700 35.00 BRK SG 23
67%
176 Cason Wallace 965 18.21 OKC SG 21
67%
208 Chris Boucher 841 16.82 TOR PF 32
67%
67 Christian Braun 1585 26.42 DEN SG 23
67%
150 Clint Capela 1078 21.56 ATL C 30
67%
231 Cody Martin 729 18.69 CHO SF 29
67%
452 Colby Jones 76 3.17 SAC SG 22
67%
146 Cole Anthony 1088 19.09 ORL PG 24
67%
113 D'Angelo Russell 1251 27.20 LAL,BRK PG 28
67%
377 Dante Exum 227 18.92 DAL PG 29
67%
123 Deandre Ayton 1180 29.50 POR C 26
67%
124 De'Andre Hunter 1177 26.16 ATL,CLE SF 27
67%
60 Deni Avdija 1704 29.89 POR SF 24
67%
410 Devin Carter 159 8.83 SAC PG 22
67%
128 Devin Vassell 1152 26.18 SAS SG 24
67%
373 Dillon Jones 236 6.21 OKC SF 23
67%
159 Donte DiVincenzo 1024 23.81 MIN SG 28
67%
233 Dorian Finney-Smith 726 16.50 BRK,LAL PF 31
67%
389 Dru Smith 196 14.00 MIA SG 27
67%
149 Duncan Robinson 1081 19.30 MIA SF 30
67%
81 Fred VanVleet 1468 31.91 HOU PG 30
67%
391 Gary Harris 193 6.23 ORL SG 30
67%
194 Gary Trent Jr. 898 16.33 MIL SG 26
67%
372 GG Jackson II 238 14.00 MEM PF 20
67%
136 Goga Bitadze 1136 22.27 ORL C 25
67%
236 Haywood Highsmith 718 13.81 MIA SF 28
67%
305 Herbert Jones 459 22.95 NOP SF 26
67%
242 Immanuel Quickley 693 31.50 TOR PG 25
67%
412 Isaac Jones 156 6.24 SAC PF 24
67%
445 Isaiah Jackson 84 16.80 IND C 23
67%
206 Isaiah Joe 849 15.44 OKC SG 25
67%
217 Jabari Smith Jr. 809 21.29 HOU PF 21
67%
77 Jaden McDaniels 1500 24.19 MIN PF 24
67%
71 Jakob Poeltl 1534 31.96 TOR C 29
67%
62 Jalen Duren 1657 28.57 DET C 21
67%
200 Jalen Smith 882 16.64 CHI C 24
67%
74 Ja Morant 1527 41.27 MEM PG 25
67%
291 Jaxson Hayes 536 14.11 LAL C 24
67%
145 Jerami Grant 1090 24.22 POR PF 30
67%
392 Jevon Carter 192 6.86 CHI PG 29
67%
454 Joe Ingles 72 4.24 MIN SF 37
67%
216 Joel Embiid 809 42.58 PHI C 30
67%
138 Jrue Holiday 1119 23.81 BOS PG 34
67%
155 Julian Champagnie 1041 17.64 SAS SF 23
67%
261 Justin Champagnie 617 15.43 WAS SF 23
67%
235 Jusuf Nurkic 720 24.00 PHO,CHO C 30
67%
420 Kai Jones 146 5.21 LAC C 24
67%
276 Kawhi Leonard 569 29.95 LAC SF 33
67%
347 Keaton Wallace 316 12.64 ATL PG 25
67%
78 Kelly Oubre Jr. 1498 26.75 PHI SF 29
67%
215 Kevin Huerter 810 15.88 SAC,CHI SG 26
67%
375 Kevin Love 235 12.37 MIA PF 36
67%
201 Kevon Looney 881 16.31 GSW C 28
67%
423 Killian Hayes 142 23.67 BRK PG 23
67%
327 KJ Martin 388 12.93 PHI,UTA PF,SF 24
67%
312 Kyle Lowry 425 12.88 PHI PG 38
67%
489 Liam Robbins 29 2.23 MIL C 25
67%
151 Luguentz Dort 1069 18.75 OKC SF 25
67%
185 Luke Kennard 927 19.72 MEM SG 28
67%
264 Malcolm Brogdon 610 25.42 WAS PG 32
67%
82 Malik Beasley 1464 24.00 DET SG 28
67%
468 Markieff Morris 48 4.80 DAL,LAL PF 35
67%
464 Mason Jones 49 7.00 SAC SG 26
67%
500 Mitchell Robinson 18 9.00 NYK C 26
67%
321 Monte Morris 403 10.08 PHO PG 29
67%
222 Moses Moody 783 15.06 GSW SG 22
67%
65 Naz Reid 1639 26.87 MIN C 25
67%
111 Nic Claxton 1258 24.19 BRK C 25
67%
263 Nick Smith Jr. 612 15.30 CHO SG 20
67%
360 Orlando Robinson 278 10.69 SAC,TOR C 24
67%
219 Peyton Watson 797 16.60 DEN SF 22
67%
386 Quenton Jackson 205 11.39 IND PG 26
67%
344 Reed Sheppard 326 7.76 HOU PG 20
67%
354 Reggie Jackson 287 9.26 PHI PG 34
67%
42 RJ Barrett 1940 40.42 TOR SF 24
67%
243 Sam Hauser 689 13.25 BOS PF 27
67%
94 Santi Aldama 1379 26.52 MEM PF 24
67%
84 Scoot Henderson 1460 27.55 POR PG 20
67%
118 Spencer Dinwiddie 1229 20.83 DAL PG 31
67%
195 Tari Eason 896 22.97 HOU PF 23
67%
260 Terance Mann 618 13.73 LAC,ATL SG 28
67%
137 Terry Rozier 1124 22.04 MIA PG 30
67%
265 Thomas Bryant 610 14.19 MIA,IND C 27
67%
73 Tobias Harris 1530 25.93 DET PF 32
67%
282 Tre Jones 557 15.05 SAS,CHI PG 25
67%
348 Tre Mann 310 23.85 CHO PG 23
67%
64 Trey Murphy III 1640 36.44 NOP SF 24
67%
110 Ty Jerome 1267 22.63 CLE SG 27
67%
451 Tyler Smith 76 4.75 MIL PF 20
67%
249 Tyrese Martin 654 15.57 BRK SG 25
67%
69 Tyus Jones 1538 25.63 PHO PG 28
67%
147 Wendell Carter Jr. 1088 22.20 ORL C 25
67%
316 Aaron Nesmith 409 17.04 IND SF 25
50%
319 Alec Burks 407 11.97 MIA SG 33
50%
379 Alex Len 220 5.64 SAC,LAL C 31
50%
188 Amir Coffey 917 15.81 LAC SG 27
50%
262 Andre Drummond 616 17.60 PHI C 31
50%
434 Anthony Gill 122 3.21 WAS PF 32
50%
121 Ayo Dosunmu 1204 26.17 CHI SG 25
50%
83 Bilal Coulibaly 1462 26.58 WAS SF 20
50%
192 Brandon Clarke 903 16.42 MEM PF 28
50%
181 Brandon Miller 944 34.96 CHO SF 22
50%
220 Cameron Payne 789 14.61 NYK PG 30
50%
157 Caris LeVert 1028 22.35 CLE,ATL SF,SG 30
50%
91 Collin Sexton 1410 30.00 UTA SG 26
50%
160 Corey Kispert 1022 18.93 WAS SF 25
50%
298 Daniel Theis 484 12.74 NOP C 32
50%
415 Dario Saric 153 10.20 DEN C 30
50%
225 Day'Ron Sharpe 769 20.24 BRK C 23
50%
302 DeAndre Jordan 471 10.24 DEN C 36
50%
432 De'Anthony Melton 125 20.83 GSW SG 26
50%
267 Dean Wade 595 14.88 CLE PF 28
50%
228 Donovan Clingan 761 16.19 POR C 20
50%
279 Drew Eubanks 564 12.82 UTA,LAC C 27
50%
286 Gabe Vincent 547 10.73 LAL PG 28
50%
462 Garrett Temple 51 3.00 TOR SG 38
50%
172 Georges Niang 981 16.63 CLE,ATL PF 31
50%
122 Guerschon Yabusele 1181 21.47 PHI C 29
50%
320 Isaac Okoro 407 11.97 CLE SG 24
50%
117 Isaiah Collier 1234 23.73 UTA PG 20
50%
191 Isaiah Stewart 915 16.34 DET C 23
50%
492 Jacob Toppin 27 1.69 NYK SF 24
50%
469 Jae Crowder 48 6.86 SAC PF 34
50%
343 Jae'Sean Tate 327 8.38 HOU SF 29
50%
154 Jalen Suggs 1050 30.00 ORL PG 23
50%
163 Jalen Wilson 1009 17.10 BRK PF 24
50%
395 Jarred Vanderbilt 186 12.40 LAL PF 25
50%
402 Jaylen Clark 171 8.55 MIN SG 23
50%
330 Jett Howard 382 7.64 ORL SF 21
50%
359 Jock Landale 281 9.37 HOU C 29
50%
232 Jonathan Isaac 728 13.48 ORL PF 27
50%
199 Jonathan Kuminga 882 27.56 GSW PF 22
50%
189 Jordan Clarkson 917 28.66 UTA SG 32
50%
358 Jordan Miller 281 9.06 LAC SF 25
50%
211 Jose Alvarado 834 22.54 NOP PG 26
50%
313 Josh Okogie 419 13.09 PHO,CHO SG 26
50%
450 Josh Richardson 77 9.63 MIA SG 31
50%
290 Kelly Olynyk 540 18.62 TOR,NOP C 33
50%
183 Kentavious Caldwell-Pope 935 15.85 ORL SG 31
50%
204 Keon Ellis 876 15.37 SAC SG 25
50%
238 Khris Middleton 705 26.11 MIL,WAS SF 33
50%
270 Kyle Anderson 590 13.41 GSW,MIA PF,SF 31
50%
404 Landry Shamet 169 6.04 NYK SG 27
50%
315 Larry Nance Jr. 415 17.29 ATL PF 32
50%
488 Leonard Miller 29 3.22 MIN SF 21
50%
371 Malaki Branham 240 6.86 SAS SG 21
50%
400 Marvin Bagley III 175 8.75 WAS,MEM C,PF 25
50%
349 Maxi Kleber 310 9.12 DAL PF 33
50%
256 Max Strus 628 20.26 CLE SF 28
50%
493 Maxwell Lewis 26 2.17 LAL,BRK SF 22
50%
198 Miles McBride 893 17.86 NYK PG 24
50%
227 Moussa Diabate 766 15.32 CHO C 23
50%
156 Naji Marshall 1031 21.48 DAL SF 27
50%
296 Neemias Queta 515 10.96 BOS C 25
50%
203 Nick Richards 880 20.95 CHO,PHO C 27
50%
285 Nicolas Batum 549 9.47 LAC PF 36
50%
161 Obi Toppin 1022 18.25 IND PF 26
50%
363 Ousmane Dieng 271 8.74 OKC C 21
50%
341 Pat Connaughton 334 10.44 MIL SG 32
50%
338 Paul Reed 353 10.09 DET C 25
50%
484 Pete Nance 32 4.57 PHI C 24
50%
253 Precious Achiuwa 637 16.76 NYK C 25
50%
333 Richaun Holmes 366 16.64 WAS PF 31
50%
143 Royce O'Neale 1103 20.05 PHO SF 31
50%
247 Sam Merrill 656 12.86 CLE SG 28
50%
86 Shaedon Sharpe 1453 27.42 POR SG 21
50%
329 Svi Mykhailiuk 382 16.61 UTA SF 27
50%
306 Talen Horton-Tucker 455 10.58 CHI SG 24
50%
169 Taurean Prince 985 16.69 MIL SF 30
50%
443 Xavier Tillman Sr. 91 3.25 BOS C 26
50%
114 Yves Missi 1245 21.47 NOP C 20
50%
166 Zaccharie Risacher 1000 18.87 ATL SF 19
50%
179 Zach Edey 948 20.61 MEM C 22
50%
352 Adem Bona 294 7.35 PHI C 21
33%
438 Bismack Biyombo 106 13.25 SAS C 32
33%
340 Bol Bol 344 13.76 PHO PF 25
33%
370 Bones Hyland 246 12.30 LAC PG 24
33%
411 Bruno Fernando 158 9.29 TOR C 26
33%
105 Bub Carrington 1287 21.81 WAS PG 19
33%
495 Cam Christie 23 3.83 LAC SG 19
33%
367 Cam Reddish 250 8.06 LAL SF 25
33%
277 Cam Whitmore 566 14.89 HOU SF 20
33%
448 Collin Gillespie 78 6.50 PHO PG 25
33%
414 Cory Joseph 153 4.64 ORL PG 33
33%
224 Dalton Knecht 778 13.89 LAL SF 23
33%
444 Damion Lee 89 5.56 PHO SG 32
33%
368 Delon Wright 250 8.62 MIL,NYK PG 32
33%
426 Doug McDermott 136 4.25 SAC SF 33
33%
490 E.J. Liddell 28 4.67 CHI PF 24
33%
284 Garrison Mathews 552 12.84 ATL SG 28
33%
119 Gradey Dick 1224 22.67 TOR SG 21
33%
184 Jaden Ivey 929 30.97 DET SG 22
33%
182 Jake LaRavia 938 17.05 MEM,SAC PF 23
33%
334 Jamison Battle 361 9.26 TOR SF 23
33%
141 Jaylen Wells 1109 18.48 MEM SG 21
33%
351 Jericho Sims 302 6.71 NYK,MIL C 26
33%
413 Jordan McLaughlin 154 4.67 SAC,SAS PG 28
33%
398 Luka Garza 181 6.24 MIN C 26
33%
221 Luke Kornet 787 14.85 BOS C 29
33%
433 MarJon Beauchamp 123 4.10 MIL,LAC SF 24
33%
486 Markelle Fultz 31 7.75 SAC PG 26
33%
187 Mason Plumlee 918 15.30 PHO C 34
33%
230 Matas Buzelis 735 12.46 CHI SF 20
33%
170 Max Christie 984 17.26 LAL,DAL SG 21
33%
346 Mo Bamba 317 11.32 LAC C 26
33%
168 Nikola Jovic 987 21.46 MIA PF 21
33%
175 Ochai Agbaji 972 18.00 TOR SG 24
33%
405 Patty Mills 169 7.68 UTA,LAC PG 36
33%
307 Rob Dillingham 450 12.16 MIN PG 20
33%
241 Ron Holland 700 11.48 DET SF 19
33%
102 Scotty Pippen Jr. 1308 22.17 MEM PG 24
33%
288 Shake Milton 541 12.02 BRK,LAL SG 28
33%
383 Taj Gibson 216 8.64 CHO C 39
33%
502 Taze Moore 18 9.00 POR SG 26
33%
294 Tidjane Salaun 528 12.00 CHO PF 19
33%
180 Tim Hardaway Jr. 945 16.58 DET SG 32
33%
430 Torrey Craig 127 9.07 CHI,BOS SF 34
33%
97 Toumani Camara 1358 23.02 POR PF 24
33%
251 Trey Lyles 645 13.44 SAC PF 29
33%
202 Tristan Da Silva 880 15.17 ORL SF 23
33%
385 Wendell Moore Jr. 207 8.63 DET,CHO SG 23
33%
229 Brice Sensabaugh 756 15.43 UTA SF 21
17%
442 Cam Spencer 93 8.45 MEM SG 24
17%
453 Chris Duarte 74 4.35 CHI SG 27
17%
494 Colin Castleton 25 2.50 MEM C 24
17%
226 Dalano Banton 768 16.00 POR PG 25
17%
303 Dalen Terry 467 8.65 CHI SG 22
17%
441 Drew Peterson 95 5.94 BOS PF 25
17%
335 Gui Santos 358 10.23 GSW PF 22
17%
397 Hunter Tyson 183 4.46 DEN PF 24
17%
275 Ja'Kobe Walter 575 13.69 TOR SG 20
17%
401 Jamal Cain 174 7.57 NOP SF 25
17%
213 Jamal Shead 827 15.04 TOR PG 22
17%
287 Jared McCain 543 23.61 PHI SG 20
17%
357 Jaylon Tyson 282 7.42 CLE SG 22
17%
499 JD Davison 18 2.57 BOS PG 22
17%
362 John Konchar 273 8.81 MEM SG 28
17%
424 Johnny Furphy 140 3.68 IND SG 20
17%
437 Jordan Goodwin 107 13.38 LAL PG 26
17%
234 Jordan Hawkins 722 16.79 NOP SG 22
17%
421 Jordan Walsh 145 3.63 BOS PF 20
17%
186 Julian Strawther 919 15.07 DEN SG 22
17%
214 Kel'el Ware 816 18.55 MIA C 20
17%
207 Kyle Filipowski 848 16.96 UTA C 21
17%
281 Marcus Sasser 559 12.15 DET PG 24
17%
387 Pat Spencer 203 7.52 GSW PG 28
17%
497 PJ Dozier 23 2.56 MIN SG 28
17%
336 Quinten Post 355 16.14 GSW PF 24
17%
323 Ryan Rollins 399 10.23 MIL PG 22
17%
342 Sandro Mamukelashvili 330 8.68 SAS PF 25
17%
259 Simone Fontecchio 622 11.52 DET SF 29
17%
378 Terrence Shannon Jr. 225 10.23 MIN SG 24
17%
366 Trevelin Queen 260 10.00 ORL SG 27
17%
393 Trey Jemison 190 7.04 NOP,LAL C 25
17%
435 Tyler Kolek 120 4.14 NYK PG 23
17%
257 Vasilije Micic 625 16.89 CHO,PHO PG 31
17%
255 Vit Krejci 632 16.21 ATL PG 24
17%
498 Vlatko Cancar 18 4.50 DEN PF 27
17%
463 Adam Flagler 49 2.13 OKC SG 25
0%
473 Alex Ducas 44 2.59 OKC SG 24
0%
425 Ariel Hukporti 137 5.48 NYK C 22
0%
481 Armel Traore 37 4.11 LAL SF 22
0%
465 Baylor Scheierman 49 3.27 BOS SG 24
0%
361 Blake Wesley 278 7.72 SAS SG 21
0%
439 Branden Carlson 101 5.05 OKC C 25
0%
212 Brandon Boston Jr. 828 19.71 NOP SG 23
0%
390 Caleb Houstan 193 4.95 ORL SF 22
0%
328 Charles Bassey 385 11.32 SAS C 24
0%
479 Chris Livingston 40 3.08 MIL SF 21
0%
406 Christian Koloko 166 5.72 LAL C 24
0%
487 Daeqwon Plowden 29 14.50 ATL SG 26
0%
431 Damion Baugh 126 21.00 CHO SG 24
0%
365 DaQuan Jeffries 261 10.88 CHO SG 27
0%
466 Dariq Whitehead 48 5.33 BRK SF 20
0%
350 David Roddy 307 10.23 ATL,PHI PF 23
0%
440 Dominick Barlow 100 5.56 ATL SF 21
0%
428 Duop Reath 128 4.41 POR C 28
0%
446 Elijah Harkless 80 8.00 UTA SG 24
0%
455 Enrique Freeman 71 3.74 IND PF 24
0%
380 Isaiah Wong 219 10.95 CHO SG 24
0%
483 Jackson Rowe 33 6.60 GSW PF 28
0%
274 Jaden Hardy 578 12.84 DAL SG 22
0%
418 Jaden Springer 147 4.74 BOS,UTA SG,PG 22
0%
376 Jalen Pickett 235 8.10 DEN SG 25
0%
283 Jay Huff 552 11.50 MEM C 26
0%
429 Jaylen Nowell 128 16.00 NOP SG 25
0%
472 Jazian Gortman 44 2.75 DAL PG 21
0%
381 Jeff Dowtin 219 8.11 PHI PG 27
0%
258 Jeremiah Robinson-Earl 624 13.28 NOP PF 24
0%
292 Johnny Juzang 535 12.44 UTA SG 23
0%
245 Jonathan Mogbo 683 14.23 TOR PF 23
0%
501 Josh Christopher 18 2.25 MIA SG 23
0%
403 Josh Minott 170 4.86 MIN SF 22
0%
478 JT Thor 41 4.56 CLE PF 22
0%
304 Julian Phillips 466 7.90 CHI SF 21
0%
356 Karlo Matkovic 284 12.35 NOP PF 23
0%
476 Kevin Knox 42 8.40 GSW SF 25
0%
331 KJ Simpson 373 16.22 CHO PG 22
0%
436 Kobe Bufkin 113 11.30 ATL SG 21
0%
461 Kylor Kelley 51 6.38 DAL C 27
0%
311 Lindy Waters III 429 9.98 GSW,DET SG 27
0%
485 Luke Travers 32 3.56 CLE SG 23
0%
471 Matt Ryan 44 2.32 NYK SF 27
0%
355 Micah Potter 286 10.59 UTA C 26
0%
416 Mouhamed Gueye 149 11.46 ATL PF 22
0%
268 Noah Clowney 592 16.00 BRK PF 20
0%
317 Olivier-Maxence Prosper 409 8.18 DAL PF 22
0%
449 Oscar Tshiebwe 78 15.60 UTA C 25
0%
326 Oso Ighodaro 392 8.91 PHO PF 22
0%
459 Pacome Dadiet 55 3.93 NYK SG 19
0%
447 Patrick Baldwin Jr. 78 3.55 WAS SF 22
0%
364 Pelle Larsson 270 7.30 MIA SG 23
0%
480 PJ Hall 39 2.60 DEN C 22
0%
399 Rayan Rupert 181 4.64 POR SG 20
0%
409 Reece Beekman 161 5.96 GSW,BRK PG 23
0%
280 Ricky Council IV 561 11.22 PHI SF 23
0%
470 Sidy Cissoko 45 2.50 SAS,POR SF 20
0%
482 Stanley Umude 35 1.84 MIL SG 25
0%
477 Taylor Hendricks 42 14.00 UTA PF 21
0%
332 Tosan Evbuomwan 372 17.71 BRK SF 23
0%
318 Trendon Watford 407 16.96 BRK PF 24
0%
394 Tristan Vukcevic 187 10.39 WAS C 21
0%
503 Ulrich Chomche 18 2.57 TOR PF 19
0%
458 Yuki Kawamura 60 3.00 MEM PG 23
0%
374 Zeke Nnaji 235 5.88 DEN PF 24
0%
No matching quizzes found
Score Distribution
Percent of People with Each Score
Percentile by Number Answered
Your Score History
You have not taken this quiz since the last reset